000 00427 a2200145 4500
001 76428
082 _a954.9358 PAF
090 _c39138
_d39138
100 _aPakistan Air Force
245 _aThe Story of the Pakistan Air Force A Saga of Courage and Honour
_b Pakistan Air Force
_c Pakistan Air Force
250 _a1 st
260 _aIslamabad
_bShaheen Foundation
_c1988
300 _a717
610 _a Pakistan Air Force
942 _acaenust
_k954.9358 PAF
999 _c311501
_d311501